000
00247 a2200097 4500
001
38723
100
_a
Riaz Dr Muhammad
245
_a
Farse Adab ki Mukhtsar tareen Tarikh
260
_a
Lahore
_b
Sang-e-Meel publishers
_c
1996
090
_c
24543
_d
24543
942
_a
NUST-CAE
_c
M
_c
16162
999
_c
273796
_d
273796